ਬਿੰਦ / (Record no. 71162)

MARC details
000 -LEADER
fixed length control field 00954nam a22002417a 4500
005 - DATE AND TIME OF LATEST TRANSACTION
control field 20130613112841.0
008 - FIXED-LENGTH DATA ELEMENTS--GENERAL INFORMATION
fixed length control field 090728t xxu||||| |||| 00| 0 pun d
010 ## - LCCN (DPL NO)
LC control number PUN-7450 B-493899-903
020 ## - INTERNATIONAL STANDARD BOOK NUMBER
Terms of availability 175.00
International Standard Book Number 81876540000X
035 ## - SYSTEM CONTROL NUMBER
System control number PN-6568 B-493899-903
037 ## - SOURCE OF ACQUISITION
Source of stock number/acquisition DBAD / PUB/Manpreet Prakashan
037 ## - SOURCE OF ACQUISITION
Source of stock number/acquisition BPPD/KKP
040 ## - CATALOGING SOURCE
Original cataloging agency dpl
Language of cataloging PN
082 ## - DEWEY DECIMAL CLASSIFICATION NUMBER
Classification number 851
100 ## - MAIN ENTRY--PERSONAL NAME
9 (RLIN) 37323
Personal name ਇਕ਼ਬਾਲ ਦੀਪ
245 ## - TITLE STATEMENT
Title ਬਿੰਦ /
Statement of responsibility, etc ਇਕ਼ਬਾਲ ਦੀਪ
246 ## - VARYING FORM OF TITLE
Title proper/short title Bind
Remainder of title by Iqbal Deep
260 ## - PUBLICATION, DISTRIBUTION, ETC. (IMPRINT)
Place of publication, distribution, etc Delhi
Name of publisher, distributor, etc Manpreet Prakashan
Date of publication, distribution, etc 2012
270 ## - ADDRESS
City 16/16,1st Floor,Geeta Colony
Address Delhi
Telephone number 9312271252
Postal code 110031
Electronic mail address manpreet1948@gmail.com
300 ## - PHYSICAL DESCRIPTION
Extent 96ਪਂ;
Other physical details 17ਸੇਂਮੀ(ਸਜਿਲਦ)
942 ## - ADDED ENTRY ELEMENTS (KOHA)
Source of classification or shelving scheme Dewey Decimal Classification
Item type Punjabi Bks
Classification part 851
Call number suffix ਇਕ਼ਬਾ
Holdings
Withdrawn status Lost status Source of classification or shelving scheme Damaged status Not for loan Collection code Home library Current library Date acquired Source of acquisition Cost, normal purchase price Total Checkouts Full call number Barcode Date last seen Copy number Cost, replacement price Koha item type
    Dewey Decimal Classification     Non-fiction Central Library Central Library 05/06/2013 BPPD/162/21.2.13/2963/8.3.13/13.3.13 175.00   851 ਇਕ਼ਬਾ B-493899 05/06/2013 1 175.00 Punjabi Bks
    Dewey Decimal Classification     Non-fiction D.B.Act.Division D.B.Act.Division 31/10/2012 DBAD / PUB 175.00   851 ਇਕ਼ਬਾ PN-6568 31/10/2012 1 175.00 Punjabi Bks
    Dewey Decimal Classification     Non-fiction Mobile Library Mobile Library 05/06/2013 BPPD/162/21.2.13/2963/8.3.13/13.3.13 175.00   851 ਇਕ਼ਬਾ B-493900 05/06/2013 1 175.00 Punjabi Bks
    Dewey Decimal Classification     Non-fiction Mobile Library Mobile Library 05/06/2013 BPPD/162/21.2.13/2963/8.3.13/13.3.13 175.00   851 ਇਕ਼ਬਾ B-493901 05/06/2013 1 175.00 Punjabi Bks
    Dewey Decimal Classification     Non-fiction Sriniwas Puri Sriniwas Puri 05/06/2013 BPPD/162/21.2.13/2963/8.3.13/13.3.13 175.00   851 ਇਕ਼ਬਾ B-493903 05/06/2013 1 175.00 Punjabi Bks
  Written-off vide DLB M. No. 383 dt 16.05.19 Dewey Decimal Classification     Non-fiction Tri Nagar Tri Nagar 05/06/2013 BPPD/162/21.2.13/2963/8.3.13/13.3.13 175.00   851 ਇਕ਼ਬਾ B-493902 05/06/2013 1 175.00 Punjabi Bks

© Delhi Public Library
Hit Counter
free hit counter